000 01186cam a22003617a 4500
003 CHAP
005 20220329142535.0
008 010921d2000 mx ad r 00110 spa d
010 _a84703
011 _a85675
020 _a9687417420
035 _a96210
040 _cCHAP
082 0 4 _a628.1
_bO4 2000
100 0 0 _aOjeda Bustamante, Waldo.
_982896
245 1 0 _aUso eficiente del agua y la energía en sistemas de bombeo
_c/por Waldo Ojeda Bustamante y Juan Carlos Herrera Ponce
250 _a2 ed.
260 _aJiutepec, Mor. :
_bInstituto Mexicano de Tecnología del Agua,
_c2000
300 _a160 p. :
_bilus. ; gráfs. ; cuadros ; tablas
590 _aBATCH-UPD
_b10
_c20130110
_lUCH01
_h1054
590 _aBATCH-UPD
_b10
_c20130410
_lUCH01
_h0649
590 _aBATCH-UPD
_b10
_c20130913
_lUCH01
_h2344
590 _aCONVERSION
_b10
_c20130109
_lUCH01
_h1347
650 1 4 _aAgua.
_92222
650 1 4 _aBombeo.
_913625
650 1 4 _aEnergía.
_936881
700 0 _aHerrera Ponce, Juan Carlos.
_954923
901 _aBK
905 _aMarco A. Mendoza T.
911 _aCustodia
942 _cLIBRO
949 _a628.1 O4 2000
_bBC
_cLIBRO
_d33724000854386
_eLIBRO
_h101693
_i96210
_si
999 _c84703
_d84703